Strategic Human Resource Management : a balanced approach (Record no. 6278)

MARC details
000 -LEADER
fixed length control field 00575nam a22002057a 4500
003 - CONTROL NUMBER IDENTIFIER
control field OSt
005 - DATE AND TIME OF LATEST TRANSACTION
control field 20190830124843.0
008 - FIXED-LENGTH DATA ELEMENTS--GENERAL INFORMATION
fixed length control field 190830b ||||| |||| 00| 0 eng d
020 ## - INTERNATIONAL STANDARD BOOK NUMBER
International Standard Book Number 9780077145620
040 ## - CATALOGING SOURCE
Transcribing agency DDC658.3
082 ## - DEWEY DECIMAL CLASSIFICATION NUMBER
Classification number 658.3 BOS 2014
100 ## - MAIN ENTRY--PERSONAL NAME
Personal name Boselie, Paul
9 (RLIN) 12894
245 ## - TITLE STATEMENT
Title Strategic Human Resource Management : a balanced approach
250 ## - EDITION STATEMENT
Edition statement 2nd ed.
260 ## - PUBLICATION, DISTRIBUTION, ETC. (IMPRINT)
Place of publication, distribution, etc. UK;
Name of publisher, distributor, etc. McGraw-hill,
Date of publication, distribution, etc. 2014
300 ## - PHYSICAL DESCRIPTION
Extent xxiv,299p;
Other physical details col.ill:
Dimensions 25cm
504 ## - BIBLIOGRAPHY, ETC. NOTE
Bibliography, etc References, & index included
650 ## - SUBJECT ADDED ENTRY--TOPICAL TERM
Topical term or geographic name as entry element Human resource management
9 (RLIN) 5317
942 ## - ADDED ENTRY ELEMENTS (KOHA)
Source of classification or shelving scheme Other/Generic Classification Scheme
Koha item type Book Bank
Holdings
Withdrawn status Lost status Source of classification or shelving scheme Damaged status Not for loan Home library Current library Date acquired Source of acquisition Inventory number Total Checkouts Full call number Barcode Date last seen Koha item type Price effective from
    Dewey Decimal Classification     Faculty of Management Science Library Faculty of Management Science Library 30/08/2019 Purchase 19/40807   658.3 BOS 2014 2019-0322 30/08/2019 Book  
    Dewey Decimal Classification     Faculty of Management Science Library Faculty of Management Science Library 30/08/2019 Purchase 19/40808   658.3 BOS 2014 2019-0323 30/08/2019 Book  
    Dewey Decimal Classification     Faculty of Management Science Library Faculty of Management Science Library 30/08/2019 Purchase 19/40809   658.3 BOS 2014 2019-0324 30/08/2019 Book  
    Dewey Decimal Classification     Faculty of Management Science Library Faculty of Management Science Library 06/04/2022 Purchase 17/40216   658.3 BOS 2014 2022-0638 06/04/2022 Book 06/04/2022
    Dewey Decimal Classification     Faculty of Management Science Library Faculty of Management Science Library 06/04/2022 Purchase 17/40217   658.3 BOS 2014 2022-0639 06/04/2022 Book 06/04/2022